Normal view
MARC view
Entry Topical Term
001 - CONTROL NUMBER
- control field: 12612
003 - CONTROL NUMBER IDENTIFIER
- control field: HDC
005 - DATE AND TIME OF LATEST TRANSACTION
- control field: 20230624073403.0
008 - FIXED-LENGTH DATA ELEMENTS
- fixed length control field: 210209|| aca||aabn | a|a d
040 ## - CATALOGING SOURCE
- Original cataloging agency: HDC
- Transcribing agency: HDC
150 ## - HEADING--TOPICAL TERM
- Topical term or geographic name entry element: Fat reduction
670 ## - SOURCE DATA FOUND
- Source citation: Work cat.: (HDC): Zainur Alsmi Sharif, author 12611, Reducing fat deposition in poultry by immunisation against adipocyte membranes: II. Effects of active immunisation on chicken performance and carcass composition /, 2000
